UBT Library

Lyric America, (Record no. 44107)

000 -LEADER
fixed length control field 00573cam a22002171 4500
001 - CONTROL NUMBER
control field 6406874
005 - DATE AND TIME OF LATEST TRANSACTION
control field 20180306031608.0
008 - FIXED-LENGTH DATA ELEMENTS--GENERAL INFORMATION
fixed length control field 751201s1930 nyu 000 0 eng
010 ## - LIBRARY OF CONGRESS CONTROL NUMBER
LC control number 30030795
035 ## - SYSTEM CONTROL NUMBER
System control number (OCoLC)1865121
040 ## - CATALOGING SOURCE
Original cataloging agency DLC
Transcribing agency FT
Modifying agency OCoLC
-- DLC
041 ## - LANGUAGE CODE
Language code of text/sound track or separate title eng
042 ## - AUTHENTICATION CODE
Authentication code premarc
080 ## - UNIVERSAL DECIMAL CLASSIFICATION NUMBER
Universal Decimal Classification number 811.08
082 ## - DEWEY DECIMAL CLASSIFICATION NUMBER
Classification number 811.08 KRE
100 1# - Rafti
Rafti 21
101 ## - Shkurtesa
Shkurtesa GJL
245 10 - TITLE STATEMENT
Title Lyric America,
Statement of responsibility, etc edited by Alfred Kreymborg.
906 ## - LOCAL DATA ELEMENT F, LDF (RLIN)
a 7
b cbc
c oclcrpl
d u
e ncip
f 19
g y-gencatlg
942 ## - ADDED ENTRY ELEMENTS (KOHA)
Source of classification or shelving scheme
Item type Books
Holdings
Withdrawn status Lost status Source of classification or shelving scheme Damaged status Not for loan Collection code Permanent location Current location Shelving location Date acquired Total Checkouts Full call number Barcode Date last seen Price effective from Koha item type
          Koleksioni i përgjithshem UBT - Lipjan UBT - Lipjan Koleksioni i përgjithshem 03/06/2018   811.08 KRE 002-3001290 03/06/2018 03/06/2018 Books
UBT Library © 2015-2024. All rights reserved University Education for Business and Technology